000 00588nam a2200241 a 4500
001 nice12345678
003 IN_TiNIC
005 20260116011611.0
008 050524s1965 deoa grp 000 0 urd
020 _a
_c3
082 0 0 _a297.8
_bASH
100 _aAshraf, Abdur Rahman
245 _aKya Jamaat-E-Islami Haqq Par Hai?
260 _aDeoband
_bMaktaba Taiyyaba
_c1965
300 _a256p
500 _aincludes index and biblioraphy
505 2 _aIndexes
650 _aJamaat-E-Islami
700 1 _aAshraf, Abdur Rahman
902 _bSRS
942 _cBK
999 _c2824
_d2824